[Event "Open"]
[Site "Ubeda ESP"]
[Date "2001.01.26"]
[Round "6"]
[White "Bruzon,L"]
[Black "Jobava,Ba"]
[Result "1/2-1/2"]
[WhiteElo "2584"]
[BlackElo "2518"]

1.c4 Nf6 2.Nc3 e6 3.d4 Bb4 4.e3 c5 5.Ne2 cxd4 6.exd4 d5 7.a3 Be7 8.Nf4 O-O
9.Be3 Nc6 10.cxd5 Nxd5 11.Ncxd5 exd5 12.Be2 Bg5 13.O-O  1/2-1/2

[Event "Open"]
[Site "Ubeda ESP"]
[Date "2001.01.28"]
[Round "8"]
[White "Bruzon,L"]
[Black "Eljanov,P"]
[Result "0-1"]
[WhiteElo "2584"]
[BlackElo "2556"]

1.e4 c5 2.Nf3 Nc6 3.d4 cxd4 4.Nxd4 Nf6 5.Nc3 e5 6.Ndb5 d6 7.Bg5 a6 8.Na3 b5
9.Bxf6 gxf6 10.Nd5 f5 11.Bd3 Be6 12.Qh5 Rg8 13.c3 h6 14.h3 Bxd5 15.exd5 Ne7
16.O-O Nxd5 17.f4 Ne3 18.Bxf5 Qb6 19.fxe5 Nxf5+ 20.Kh2 Qe3  0-1

[Event "Open"]
[Site "Ubeda ESP"]
[Date "2001.01.29"]
[Round "9"]
[White "Burmakin,V"]
[Black "Bruzon,L"]
[Result "0-1"]
[WhiteElo "2493"]
[BlackElo "2584"]

1.Nf3 Nf6 2.g3 d5 3.Bg2 e6 4.d4 Be7 5.O-O O-O 6.c4 dxc4 7.Qc2 a6 8.a4 Bd7
9.Ne5 Bc6 10.Nxc6 Nxc6 11.e3 Na5 12.Bd2 Nb3 13.Ra2 c5 14.dxc5 Nxc5 15.Qxc4 Rc8
16.Bc3 Qd7 17.Qd4 Rfd8 18.Qxd7 Rxd7 19.b4 Nce4 20.Bxf6 Nxf6 21.b5 Nd5 22.Rd2 axb5
23.axb5 Rc5 24.Rfd1 Rdc7 25.e4 Nb6 26.Rd8+ Bf8 27.Bf1 g5 28.Nd2 Kg7 29.Nb3 Rc3
30.R1d3 Bb4 31.R8d4 Rxd3 32.Bxd3 Bc3 33.Rd6 Nc8 34.b6 Re7 35.Rd8 Nxb6 36.Bb5 Rc7
37.Rd6 Nc4 38.Rd7 Rxd7 39.Bxd7 Nd6 40.f3 Kf6 41.Nc1 Ke5 42.Kf2 g4 43.fxg4 Kxe4
44.Ba4 h6 45.Bc2+ Kd4 46.Ne2+ Kc4 47.Ke3 Bb2 48.h4 b5 49.g5 hxg5 50.hxg5 Nf5+
51.Ke4 b4 52.g4 Ne7 53.Ba4 b3 54.Be8 Nc8 55.g6 Nd6+ 56.Kf3 Bg7 57.Ba4 fxg6
58.Nf4 g5 59.Nxe6 Bf6 60.Ke3 Kb4 61.Bxb3 Kxb3 62.Kd3 Kb4 63.Nxg5 Bxg5 64.Kd4 Nf7
65.Kd5 Nh6 66.Kd4 Nxg4 67.Kd5 Kc3 68.Ke4 Ne3 69.Ke5 Kd3 70.Ke6 Bf4 71.Kf6 Ke4
72.Ke6 Be5  0-1

[Event "ch-CUB"]
[Site "Las Tunas CUB"]
[Date "2001.04.01"]
[Round "1"]
[White "Bruzon,L"]
[Black "Gongora,M"]
[Result "1/2-1/2"]
[WhiteElo "2589"]
[BlackElo "2417"]

1.e4 c5 2.Nc3 Nc6 3.Nf3 Nf6 4.d4 cxd4 5.Nxd4 e5 6.Ndb5 d6 7.Bg5 a6 8.Na3 b5
9.Nd5 Be7 10.Bxf6 Bxf6 11.c3 Bg5 12.Nc2 Rb8 13.g3 O-O 14.Bg2 a5 15.a3 Ne7
16.Nce3 Bxe3 17.Nxe3 b4 18.axb4 axb4 19.O-O Be6 20.Qd3 bxc3 21.bxc3 Qc7 22.Rfd1 Rb6
23.h4 Rc8 24.Ra3 h6 25.Rda1 Qc5 26.Ra6 Rxa6 27.Rxa6 Qxc3 28.Qxc3 Rxc3  1/2-1/2

[Event "ch-CUB"]
[Site "Las Tunas CUB"]
[Date "2001.04.03"]
[Round "3"]
[White "Bruzon,L"]
[Black "Garcia Martinez,S"]
[Result "1/2-1/2"]
[WhiteElo "2589"]
[BlackElo "2378"]

1.Nf3 Nf6 2.c4 g6 3.b4 Bg7 4.Bb2 O-O 5.d4 c6 6.e3 d5 7.Nbd2 Bf5 8.Be2 Ne4
9.O-O Nxd2 10.Nxd2 Nd7 11.Qb3 dxc4 12.Nxc4 Nb6 13.Na5 Rb8 14.Bf3 Be6 15.Qc2 f5
16.Rfc1 Bd5 17.Bxd5+ Nxd5 18.a3 Qe8 19.Nc4 g5 20.Ne5 Rd8 21.Re1 Rd6 22.e4 fxe4
23.Rxe4 Rdf6 24.f3 Rf5 25.Rae1 a6 26.Bc1 h6 27.Qc4 Bxe5 28.dxe5 e6 29.h4 R8f7
30.Rg4 Rg7 31.Ree4 Qd8 32.Kh1 Qb6 33.Qc2 a5 34.Bd2 axb4 35.axb4 Qb5 36.Qc1 Qd3
37.hxg5 hxg5 38.Bxg5 Kf7 39.Kh2 Rg8 40.Bf6 Rh5+ 41.Rh4 Nxf6 42.exf6 Qd6+
43.Kg1 Qg3 44.Rhg4 Rxg4 45.Rxg4 Qh2+ 46.Kf2 Kxf6 47.Qa1+ Qe5 48.Qa8 Qb2+
49.Kg3 Qe5+ 50.Kf2 Qb2+  1/2-1/2

[Event "ch-CUB Withdrawal"]
[Site "Las Tunas CUB"]
[Date "2001.04.05"]
[Round "5"]
[White "Bruzon,L"]
[Black "Garcia,Os"]
[Result "1-0"]
[WhiteElo "2589"]
[BlackElo "2300"]

1.c4 e5 2.g3 Nf6 3.Bg2 d5 4.cxd5 Nxd5 5.Nc3 Nb6 6.Nf3 Nc6 7.O-O Be7 8.Rb1 O-O
9.b4 f6 10.b5 Nd4 11.d3 Be6 12.Nd2 Rb8 13.e3 Nf5 14.Qc2 Nd6 15.a4 Nf7 16.Nf3 f5
17.Bb2 Nd7 18.Rfd1 c6 19.d4 e4 20.d5 cxd5 21.Nd4 Qb6 22.Nxd5 Qc5 23.Nxe6  1-0

[Event "ch-CUB"]
[Site "Las Tunas CUB"]
[Date "2001.04.06"]
[Round "6"]
[White "Gonzalez,Y"]
[Black "Bruzon,L"]
[Result "0-1"]
[WhiteElo "2426"]
[BlackElo "2589"]

1.e4 c5 2.Nf3 d6 3.d4 cxd4 4.Nxd4 Nf6 5.Nc3 a6 6.Be3 e6 7.f3 b5 8.Qd2 Nbd7
9.O-O-O Bb7 10.g4 Nb6 11.Qf2 Nfd7 12.Bd3 Rc8 13.Nce2 Qc7 14.Kb1 d5 15.Ng3 Nc5
16.Nb3 Nba4 17.e5 Nd7 18.Bd4 Nxe5 19.Rhe1 Nc4 20.Nh5 Ncxb2 21.Bxb2 Nxb2 22.Kxb2 Qc3+
23.Kb1 g6 24.Re3 Qb4 25.Nf6+ Kd8 26.Re2 Bc5 27.Qe1 Qxe1 28.Rdxe1 Bd6 29.g5 h6
30.gxh6 Rxh6 31.Ng4 Rh3 32.Rf2 Ke7 33.f4 Rch8 34.Ree2 Bc8 35.Ne5 R8h5 36.Kc1 Ba3+
37.Kd2 Bd6 38.c3 Rh8 39.Kc2 Bd7 40.Nd4 Rc8 41.Kd2 b4 42.cxb4 Bxb4+ 43.Kd1 f6
44.Rf3 fxe5 45.Rxh3 exd4 46.Bxg6 Kd6 47.Bc2 Rf8 48.f5 exf5 49.Rh6+ Kc7 50.Re5 Rg8
51.Bb3 d3 52.Re1 Bxe1 53.Kxe1 Rg2 54.Bxd5 Re2+ 55.Kd1 f4 56.Rf6 Rf2 57.Rg6 Ba4+
58.Bb3 Bc6 59.h4 d2 60.Rg7+ Kb6 61.Kc2 Bf3 62.Rg6+ Kc5 63.Kc3 d1=Q 64.Bxd1 Bxd1
65.Rxa6 Rc2+ 66.Kd3 Be2+ 67.Kxc2 Bxa6 68.Kd2 Kd4 69.h5 Ke5  0-1

[Event "ch-CUB"]
[Site "Las Tunas CUB"]
[Date "2001.04.08"]
[Round "8"]
[White "Bruzon,L"]
[Black "Abreu,A"]
[Result "1-0"]
[WhiteElo "2589"]
[BlackElo "2480"]

1.c4 Nf6 2.Nf3 c6 3.d4 d5 4.Qc2 dxc4 5.e4 b5 6.b3 cxb3 7.axb3 g6 8.Bd3 Bg7
9.O-O O-O 10.b4 Bb7 11.Nbd2 a5 12.bxa5 Rxa5 13.Rxa5 Qxa5 14.Nb3 Qd8 15.Bd2 Nfd7
16.e5 c5 17.Bxb5 cxd4 18.e6 Ne5 19.exf7+ Rxf7 20.Nbxd4 Bxf3 21.Nxf3 Rxf3
22.gxf3 Nxf3+ 23.Kg2 Nxd2 24.Qa2+ Kf8 25.Rd1 Bh6 26.Qe6 Qd6 27.Qxd6 exd6
28.Rc1 Bf4 29.Rc8+ Kg7 30.Rxb8 h6 31.Bd3 g5 32.h3 h5 33.Rb5 h4 34.f3 Be3
35.Rd5 Bf4 36.Kf2 Kf6 37.Rb5 Ke6 38.Ke2 d5 39.Bh7 d4 40.Rb2 Ke5 41.Rxd2 Bxd2
42.Kxd2 Kf4 43.Ke2 Kg3 44.Bf5 d3+ 45.Bxd3 Kxh3 46.Kf2 Kh2 47.Bf5 Kh1 48.Bh3 Kh2
49.Bg2  1-0

[Event "ch-CUB"]
[Site "Las Tunas CUB"]
[Date "2001.04.13"]
[Round "11"]
[White "Vera,R"]
[Black "Bruzon,L"]
[Result "1/2-1/2"]
[WhiteElo "2534"]
[BlackElo "2589"]

1.d4 d5 2.c4 e6 3.Nc3 Nf6 4.Nf3 Nbd7 5.Bg5 c6 6.e3 Qa5 7.Nd2 Bb4 8.Qc2 O-O
9.Be2 c5 10.O-O cxd4 11.Nb3 Qb6 12.Bxf6 dxc3 13.Bxc3 Bxc3 14.Qxc3 Nf6 15.Bf3  1/2-1/2

[Event "ch-CUB"]
[Site "Las Tunas CUB"]
[Date "2001.04.14"]
[Round "12"]
[White "Bruzon,L"]
[Black "Quesada,R"]
[Result "1-0"]
[WhiteElo "2589"]
[BlackElo "2244"]

1.e4 c5 2.Nc3 d6 3.f4 Nc6 4.Nf3 g6 5.Bc4 Bg7 6.d3 e6 7.O-O Nge7 8.Qe1 O-O
9.f5 d5 10.Bb3 c4 11.dxc4 dxe4 12.f6 Bxf6 13.Nxe4 Bg7 14.Bg5 f6 15.Bf4 e5
16.Be3 Kh8 17.Rd1 Qc7 18.Bc5 Be6 19.Nc3 b6 20.Bd6 Qb7 21.c5 Bxb3 22.axb3 bxc5
23.Qe4 Rfe8 24.Bxc5 Nf5 25.b4 a6 26.Nd2 Nfd4 27.Nc4 f5 28.Qd5 Rad8 29.Nd6 Rxd6
30.Bxd6 Nxc2 31.Bc5 Qc7 32.b5 N6d4 33.b6 Qb8 34.b7 Rd8 35.Qxd8+ Qxd8 36.Ba7 Ne3
37.b8=Q  1-0

[Event "ch-CUB"]
[Site "Las Tunas CUB"]
[Date "2001.04.15"]
[Round "13"]
[White "Leyva,R"]
[Black "Bruzon,L"]
[Result "0-1"]
[WhiteElo "2400"]
[BlackElo "2589"]

1.e4 c5 2.Nf3 d6 3.d4 cxd4 4.Nxd4 Nf6 5.Nc3 a6 6.Bc4 e6 7.Bb3 Nbd7 8.Qe2 Nc5
9.Bg5 Be7 10.f4 h6 11.Bh4 Nfxe4 12.Bxe7 Nxc3 13.bxc3 Qxe7 14.O-O Bd7 15.Rad1 g6
16.Rf3 Kd8 17.Qe3 Re8 18.Rf2 Kc7 19.Bc4 Rac8 20.Rfd2 Kb8 21.Be2 d5 22.Rb1 Ka8
23.c4 Ne4 24.Rd3 Qc5 25.Rdb3 Rc7 26.Bf3 Nd6 27.cxd5 exd5 28.Qf2 Bc8 29.h4 Rce7
30.Kh2 Nc4 31.Rd3 Bf5 32.Rdb3 Bxc2 33.Qxc2 Qxd4 34.Rd3 Qxf4+ 35.g3 Re2+ 36.Bxe2 Qf2+
37.Kh3 Rxe2  0-1

[Event "ch-CUB"]
[Site "Las Tunas CUB"]
[Date "2001.04.16"]
[Round "14"]
[White "Bruzon,L"]
[Black "Herrera,I"]
[Result "1-0"]
[WhiteElo "2589"]
[BlackElo "2432"]

1.Nf3 c5 2.c4 Nc6 3.d4 cxd4 4.Nxd4 Nf6 5.Nc3 e6 6.g3 Qb6 7.Ndb5 Ne5 8.Bg2 a6
9.Qa4 Rb8 10.Be3 Bc5 11.Bxc5 Qxc5 12.Qa3 b6 13.Nd6+ Ke7 14.Qxc5 bxc5 15.Nxc8+ Rhxc8
16.b3 d6 17.f4 Ned7 18.Bf3 h5 19.h3 g6 20.Kf2 Nb6 21.Rad1 Rd8 22.g4 Rg8 23.g5 Ne8
24.Rd3 Ng7 25.Rhd1 Rgd8 26.e3 Nf5 27.Be4 Ng7 28.Ke2 Ne8 29.Bf3 Ng7 30.R1d2 Nf5
31.Be4 Ng7 32.Kd1 Ne8 33.Bc6 Ng7 34.Be4 Ne8 35.Bc6 Ng7 36.a4 Nc8 37.Kc2 Na7
38.Be4 Nf5 39.Rd1 Ng3 40.Bf3 Nf5 41.Ne2 Ng7 42.Kc3 Ne8 43.R3d2 Kd7 44.a5 Nc6
45.Bxc6+ Kxc6 46.e4 f5 47.exf5 exf5 48.Ng1 Nc7 49.Nf3 Ne6 50.Nh4 Nxf4 51.Rf1 Ne6
52.Nxg6 Nxg5 53.Rg2 Ne4+ 54.Kc2 Rd7 55.Rxf5 Rdb7 56.Rf3 Re8 57.Re3 Nf6 58.Rxe8 Nxe8
59.Nf4 Nf6 60.Rg6 Ne4 61.Re6 Ng5 62.Rf6 Re7 63.Rf8 Kb7 64.h4 Ne6 65.Nxe6 Rxe6
66.Rf7+ Kb8 67.Rf5 Rh6 68.Kd3 Kc7 69.Rf7+ Kc6 70.Ra7 Re6 71.Rxa6+ Kb7 72.Rb6+ Ka7
73.b4 cxb4 74.c5 b3 75.cxd6 b2 76.d7 Rd6+ 77.Ke4 Rxd7 78.Rxb2 Rg7 79.Rf2 Ka6
80.Ke5 Kxa5 81.Kf6 Rg4 82.Rf5+ Kb6 83.Rxh5 Kc6 84.Rh8 Kd7 85.h5 Rg2 86.h6 Rf2+
87.Kg5 Rg2+ 88.Kf4 Rf2+ 89.Ke3 Rf7 90.h7 Re7+ 91.Kf4 Ke6 92.Kg5 Ke5 93.Kh5  1-0

[Event "ch-CUB"]
[Site "Las Tunas CUB"]
[Date "2001.04.16"]
[Round "15"]
[White "De la Paz,F"]
[Black "Bruzon,L"]
[Result "1-0"]
[WhiteElo "2437"]
[BlackElo "2589"]

1.e4 c5 2.Nf3 d6 3.d4 cxd4 4.Nxd4 Nf6 5.Nc3 a6 6.Be3 e6 7.g4 h6 8.Bg2 Nc6
9.h3 Be7 10.Qe2 Nxd4 11.Bxd4 e5 12.Be3 Be6 13.O-O-O Rc8 14.Nd5 Nxd5 15.exd5 Bd7
16.Be4 O-O 17.Rdg1 Bh4 18.Kb1 Qe7 19.Rg2 b5 20.Bxh6 gxh6 21.g5 Rc4 22.gxh6+ Kh8
23.Rg7 f5 24.Rxe7 Bxe7 25.Bd3 Rc5 26.f3 Rxd5 27.Rg1 Bf6 28.Qg2 Rc5 29.Qg6 e4
30.fxe4 Be8 31.Qg7+ Bxg7 32.hxg7+ Kg8 33.gxf8=Q+ Kxf8 34.exf5 Re5 35.b3 Re3
36.h4 a5 37.Kb2 b4 38.Rg4 Kf7 39.Rd4 Ke7 40.f6+ Kxf6 41.Rxd6+ Re6 42.Rd4 Re5
43.a3 bxa3+ 44.Kxa3 Bf7 45.Bc4 Bg6 46.Bd3 Bf7 47.Be4 Ke7 48.c4 Be8 49.Bd5 Rf5
50.Re4+ Kd8 51.Rg4 Kc7 52.Rg7+ Kb6 53.Re7 Rf8 54.Rb7+ Kc5 55.Rb8 Kd6 56.h5 Ke7
57.h6 Rf6 58.Rb7+ Kf8 59.h7  1-0

[Event "ch-CUB"]
[Site "Las Tunas CUB"]
[Date "2001.04.17"]
[Round "16"]
[White "Bruzon,L"]
[Black "Gomez,Fe"]
[Result "1/2-1/2"]
[WhiteElo "2589"]
[BlackElo "2462"]

1.c4 e5 2.g3 Nc6 3.Bg2 g6 4.Nc3 Bg7 5.d3 d6 6.e4 Nge7 7.Nge2 Be6 8.Nd5 O-O
9.O-O h6 10.b4 a6 11.Rb1 g5 12.a4 Ng6 13.b5 axb5 14.axb5 Nce7 15.b6 c5 16.Nc7 Rc8
17.Nxe6 fxe6 18.Bh3 Rf6 19.Bd2 Qf8 20.Nc3 Rd8 21.Nb5 Nc6 22.Bg4 Qe7 23.Be3 Rdf8
24.Ra1 Kh7 25.Nc7 Nd4 26.Ra7 Rb8 27.Ra8 Rxa8 28.Nxa8 Nc6 29.Nc7 Nf8 30.Qa4 Nd7
31.Qa8 Nd8 32.Qa5 Kg6 33.Qb5 Rf7 34.Ra1 h5 35.Bd1 g4 36.Ba4 Nc6 37.Qb2 Ncb8
38.Bxd7 Nxd7 39.Ra8 Nxb6 40.Qxb6 Qxc7 41.Qb2 Qd7 42.h3 Rf8 43.Rxf8 Bxf8 44.hxg4 hxg4
45.Qe2 Kh5 46.f3 Qg7 47.Qh2+ Kg6 48.fxg4 Qh7 49.Qe2 Be7 50.Kg2 Bg5 51.Bf2 Qd7
52.Qa2 Qc6 53.Qb1 Qd7 54.Qh1 Qh7 55.Qa1 Qd7 56.Qa7 Kf6 57.Qa8 Kg7 58.Qa5 Qc6
59.Kf3 Be7 60.Be3 d5 61.Qa1 dxe4+ 62.dxe4 Qd6 63.Qh1 Qd3 64.Qh6+ Kf7 65.Qh7+ Ke8
66.g5 Qf1+ 67.Bf2 Qd1+ 68.Kg2 Qg4 69.Qh8+ Kd7 70.Qxe5 b6 71.Qf4 Qxg5 72.Qxg5 Bxg5
73.Kf3 Kc6 74.Kg4 Bd2 75.Kf3 b5 76.Ke2 Bg5 77.cxb5+ Kxb5 78.Kf3 Kb4 79.Ke2 Kc4
80.g4 Kb4 81.Be1+ Kc4 82.Bd2 Bf6 83.g5 Bxg5 84.Bxg5 Kd4  1/2-1/2

[Event "XXXVI Capablanca Mem Elite"]
[Site "Havana CUB"]
[Date "2001.05.07"]
[Round "3"]
[White "Arencibia,W"]
[Black "Bruzon,L"]
[Result "0-1"]
[WhiteElo "2543"]
[BlackElo "2589"]

1.e4 c5 2.Nc3 Nc6 3.f4 g6 4.Nf3 Bg7 5.Bb5 Nd4 6.O-O a6 7.Bd3 d6 8.Nxd4 cxd4
9.Ne2 Nf6 10.c3 dxc3 11.dxc3 O-O 12.Kh1 b5 13.a4 Bb7 14.Qc2 Qb6 15.axb5 axb5
16.Rxa8 Bxa8 17.f5 b4 18.cxb4 Qxb4 19.Nc3 Ng4 20.Be2 Nf6 21.Bd3 Nd7 22.Bg5 Bf6
23.Bxf6 Nxf6 24.fxg6 fxg6 25.e5 Ng4 26.Rxf8+ Kxf8 27.h3 Nxe5 28.Be4 Bxe4
29.Nxe4 h6 30.Kh2 Qd4 31.Qc8+ Kf7 32.Qc2 Nd3 33.Nc3 h5 34.Ne2 Qe5+ 35.g3 Qe3  0-1

[Event "XXXVI Capablanca Mem Elite"]
[Site "Havana CUB"]
[Date "2001.05.08"]
[Round "4"]
[White "Bruzon,L"]
[Black "Vallejo Pons,F"]
[Result "1/2-1/2"]
[WhiteElo "2589"]
[BlackElo "2559"]

1.c4 e6 2.d4 d5 3.Nf3 Nf6 4.Bg5 h6 5.Bxf6 Qxf6 6.Nc3 c6 7.e3 Nd7 8.Bd3 dxc4
9.Bxc4 g6 10.O-O Bg7 11.Rc1 O-O 12.Bb3 Qe7 13.Re1 Re8 14.Ne2 c5 15.Nf4 b5
16.a4 a6 17.Qe2 Bb7 18.axb5 axb5 19.dxc5 Nxc5 20.Qxb5 Nxb3 21.Qxb3 Bxf3 22.gxf3 Qf6
23.Qb7 Rab8 24.Qe4 Qg5+ 25.Ng2 Rxb2  1/2-1/2

[Event "XXXVI Capablanca Mem Elite"]
[Site "Havana CUB"]
[Date "2001.05.12"]
[Round "7"]
[White "Bruzon,L"]
[Black "Nataf,IA"]
[Result "1-0"]
[WhiteElo "2589"]
[BlackElo "2552"]

1.c4 g6 2.Nc3 Bg7 3.g3 e5 4.Bg2 d6 5.d3 Nc6 6.Rb1 a5 7.e3 Nf6 8.Nge2 h5 9.h4 O-O
10.O-O Bg4 11.f3 Be6 12.e4 Qd7 13.Be3 Bh3 14.b3 Bxg2 15.Kxg2 Nh7 16.d4 Rae8
17.d5 Ne7 18.c5 f5 19.cxd6 cxd6 20.Qd3 Nf6 21.a4 fxe4 22.fxe4 Ng4 23.Bb6 Bh6
24.Qb5 Qc8 25.Qxa5 Ne3+ 26.Bxe3 Bxe3 27.Qb5 g5 28.Qd3 Bb6 29.Qd2 Qg4 30.Qxg5+ Qxg5
31.hxg5 Kg7 32.Rxf8 Rxf8 33.Rf1 Rxf1 34.Kxf1 Kg6 35.Nb5 Nc8 36.Kg2 Be3 37.Nec3 Bd2
38.Kf3 Kxg5 39.Nd1 h4 40.gxh4+ Kxh4 41.Nb2 Kg5 42.Nd3 Kf6 43.Ke2 Ba5 44.b4 Bd8
45.Nb2 Ke7 46.Kd3 Kd7 47.Nc4 Ke7 48.Kc3 Kd7 49.Kb3 Bh4 50.Na5 b6 51.Nc6 Ne7
52.Nxe7 Bxe7 53.Kc4 Kc8 54.Na3 Bh4 55.Kb5 Kc7 56.Ka6 Be1 57.Nb5+ Kd7 58.Kxb6 Bxb4
59.a5  1-0

[Event "XXXVI Capablanca Mem Elite"]
[Site "Havana CUB"]
[Date "2001.05.17"]
[Round "11"]
[White "Bruzon,L"]
[Black "Abreu,A"]
[Result "0-1"]
[WhiteElo "2589"]
[BlackElo "2480"]

1.e4 c5 2.Nc3 d6 3.f4 g6 4.Nf3 Bg7 5.Bc4 Nc6 6.O-O e6 7.d3 Nge7 8.Qe1 O-O
9.f5 gxf5 10.Qh4 fxe4 11.Ng5 h6 12.Qh5 hxg5 13.Nxe4 f6 14.Bxg5 f5 15.Be3 d5
16.Ng5 Rf6 17.Rf3 dxc4 18.Qh7+ Kf8 19.Rg3 Nd4 20.Qh5 Rg6 21.Nh7+ Kf7 22.Ng5+ Ke8
23.Nh3 Kd7 24.Rxg6 Nxg6 25.Qxg6 Qf6 26.Qh5 Nxc2  0-1

[Event "Young Masters"]
[Site "Lausanne SUI"]
[Date "2001.05.23"]
[Round "2.2"]
[White "Bruzon,L"]
[Black "Bu Xiangzhi"]
[Result "1/2-1/2"]
[WhiteElo "2589"]
[BlackElo "2558"]

1.Nf3 Nf6 2.g3 d5 3.Bg2 c6 4.O-O Bf5 5.d3 h6 6.c4 dxc4 7.dxc4 Qxd1 8.Rxd1 e6
9.Nc3 Bc2 10.Rf1 Nbd7 11.Be3 Ng4 12.Bd2 Nge5 13.Nxe5 Nxe5 14.Bf4 Nxc4 15.Rac1 g5
16.Bxg5 hxg5 17.Rxc2 Be7 18.Ne4 Nb6 19.Nc5 Bf8  1/2-1/2

[Event "Young Masters"]
[Site "Lausanne SUI"]
[Date "2001.05.23"]
[Round "2.3"]
[White "Bruzon,L"]
[Black "Bu Xiangzhi"]
[Result "1-0"]
[WhiteElo "2589"]
[BlackElo "2558"]

1.c4 c5 2.Nc3 Nc6 3.g3 g6 4.Bg2 Bg7 5.a3 e6 6.b4 d6 7.bxc5 dxc5 8.Bxc6+ bxc6
9.Bb2 Rb8 10.Rb1 Ne7 11.Nf3 O-O 12.O-O Qa5 13.Ba1 Ba6 14.Ne4 Rxb1 15.Qxb1 Bxc4
16.Bxg7 Kxg7 17.Qb2+ f6 18.d3 Bd5 19.Nfd2 Qb6 20.Qc3 Bxe4 21.Nxe4 Nd5 22.Qc2 Qc7
23.Nxc5 Kf7 24.Rc1 Rc8 25.e4 Nb6 26.Qb3 Qd6 27.a4 Rb8 28.Qc3 Rc8 29.Rb1 Nd7
30.d4 Nxc5 31.Qxc5 Qc7 32.Kg2 Rd8 33.Rb4 g5 34.a5 Kg6 35.a6 Qd7 36.h3 Qd6
37.Rb7 Qxc5 38.dxc5 Rd4 39.Rxa7 Rc4 40.Ra8 Kg7 41.a7 Ra4 42.g4 Ra3 43.Kf1 Ra4
44.f3 Ra2 45.Ke1 h6 46.Kd1 Ra5 47.Kd2 e5 48.Kc3 Ra4 49.Kb3 Ra5 50.Kb4 Ra6
51.Rc8 Rxa7 52.Rxc6 Kf7 53.Rc8 Ke7 54.Rh8 Ra1 55.Rh7+ Ke6 56.c6 Kd6 57.Rxh6 Kxc6
58.Rxf6+ Kd7 59.Kc4 Ke7 60.Rf5 Ke6 61.Rxg5 Rf1 62.Rf5 Rh1 63.g5 Rxh3 64.Rf6+ Ke7
65.Kd5 Rg3 66.Rf5  1-0

[Event "Young Masters"]
[Site "Lausanne SUI"]
[Date "2001.05.24"]
[Round "3.1"]
[White "Volokitin,A"]
[Black "Bruzon,L"]
[Result "1/2-1/2"]
[WhiteElo "2493"]
[BlackElo "2589"]

1.e4 c5 2.Nf3 d6 3.d4 cxd4 4.Nxd4 Nf6 5.Nc3 a6 6.Be2 e5 7.Nb3 Be7 8.O-O O-O
9.Kh1 b6 10.f3 Bb7 11.a4 Nc6 12.Bg5 Nb4 13.Nb1 Nh5 14.Bxe7 Qxe7 15.Na3 Rad8
16.c3 Nc6 17.Nc4 Qc7 18.Ne3 Nf4 19.Bd3 Ne7 20.c4 Bc8 21.a5 bxa5 22.Nxa5 Qb6
23.Qd2 f5 24.b4 Nxd3 25.Qxd3 fxe4 26.fxe4 Be6 27.Qc3 Rxf1+ 28.Rxf1 Rb8 29.c5 dxc5
30.Qxe5 Ng6 31.Qxc5 Qxb4 32.Qc6 Nf8 33.Qc7 Re8 34.Qc6 Rb8 35.Qc7 Re8 36.Qc6  1/2-1/2

[Event "Young Masters"]
[Site "Lausanne SUI"]
[Date "2001.05.25"]
[Round "3.4"]
[White "Volokitin,A"]
[Black "Bruzon,L"]
[Result "1/2-1/2"]
[WhiteElo "2493"]
[BlackElo "2589"]

1.e4 c5 2.Nf3 d6 3.d4 cxd4 4.Nxd4 Nf6 5.Nc3 a6 6.Be3 e6 7.Be2 Nbd7 8.a4 b6
9.f4 Bb7 10.Bf3 Qc7 11.Qe2 Rc8 12.g4 e5 13.Nf5 g6 14.Ng3 exf4 15.Bxf4 Ne5
16.g5 Nfd7 17.Bg2 Bg7 18.O-O O-O 19.Rad1 Rfe8 20.Bc1 Nc4 21.Bh3 Re7 22.Rd3 Rce8
23.b3 Qc5+ 24.Qf2 Qxf2+ 25.Rxf2 Nc5 26.Rdf3 Ne5 27.Re3 Ned3 28.cxd3 Bxc3
29.Bb2 Bxb2 30.Rxb2 d5 31.b4 Nxa4 32.Rb1 dxe4 33.dxe4 b5 34.Bg2 Nb6 35.Rd3 Nc4
36.h4 Kg7 37.Kf2 Ne5 38.Rd6 Re6 39.Rdd1 h6 40.gxh6+ Kxh6 41.Ne2 Kg7 42.Nf4 R6e7
43.h5 Ng4+ 44.Ke2 g5 45.Nd3 Bxe4 46.Re1 f5 47.Nc5 Nf6 48.Nxa6 Nxh5 49.Bxe4  1/2-1/2

[Event "Young Masters"]
[Site "Lausanne SUI"]
[Date "2001.05.25"]
[Round "3.3"]
[White "Bruzon,L"]
[Black "Volokitin,A"]
[Result "1-0"]
[WhiteElo "2589"]
[BlackElo "2493"]

1.c4 c5 2.Nf3 Nf6 3.Nc3 Nc6 4.d4 cxd4 5.Nxd4 e6 6.g3 Qb6 7.Ndb5 Ne5 8.Bf4 Bc5
9.Bg2 a6 10.Na4 Qa5+ 11.Bd2 Bb4 12.Nc7+ Qxc7 13.Bxb4 Nxc4 14.Rc1 a5 15.Ba3 Ra6
16.b3 b5 17.Nb2 Bb7 18.Nxc4 Bxg2 19.Nd6+ Rxd6 20.Qxd6 Qxd6 21.Bxd6 Bc6 22.f3 Kd8
23.Kf2 Ne8 24.Bf4 f6 25.Rhd1 Ke7 26.Bd2 a4 27.Bb4+ Kf7 28.bxa4 bxa4 29.e4 g5
30.Ke3 Ng7 31.Bd6 h5 32.g4 e5 33.Rb1 h4 34.Rb8 Rxb8 35.Bxb8 Ne6 36.Ba7 Nf4
37.Rd6 Ne6 38.Kf2 Ke7 39.Rd2 Kd8 40.Rb2 Ke7 41.Rd2 Kd8 42.a3 Ke7 43.Be3 Kd8
44.Rb2 Ke7 45.Rb6 Kd6 46.Rb8 Ke7 47.Bd2 d5 48.Bb4+ Kd7 49.exd5 Bxd5 50.Rb6 Bb3
51.Rb7+ Kc8 52.Ra7 Nf4 53.Ke3 Kb8 54.Bc5 Bc2 55.Rf7 Bb3 56.Rg7 Ne6 57.Bd6+ Kc8
58.Ra7 Nf4 59.Be7 Kb8 60.Rd7 Be6 61.Rd8+ Kc7 62.Bxf6 Nd5+ 63.Rxd5 Bxd5 64.Bxe5+ Kd7
65.Bf6 h3 66.Bxg5 Bb3 67.Bf6 Bd1 68.Kf2 Ke6 69.Bb2 Kd5 70.Kg3 Kc4 71.Bf6 Kd3
72.f4 Ke4 73.f5 Be2 74.Bd8 Bf1 75.Bc7 Ke3 76.f6 Bc4 77.Kxh3 Bf7 78.Kh4  1-0

[Event "Young Masters"]
[Site "Lausanne SUI"]
[Date "2001.05.26"]
[Round "4.1"]
[White "Bacrot,E"]
[Black "Bruzon,L"]
[Result "1/2-1/2"]
[WhiteElo "2627"]
[BlackElo "2589"]

1.d4 d5 2.c4 e6 3.Nc3 Nf6 4.cxd5 exd5 5.Bg5 c6 6.e3 Be7 7.Qc2 Nbd7 8.Bd3 O-O
9.Nf3 Re8 10.O-O-O Nf8 11.h3 Be6 12.Kb1 Rc8 13.g4 N6d7 14.Bxe7 Qxe7 15.Nd2 c5
16.f4 f6 17.Rhe1 cxd4 18.exd4 Qd6 19.Rf1 a6 20.Nb3 Bf7 21.Qf2 Re7 22.Rde1 Rxe1+
23.Rxe1 Re8 24.Rxe8 Bxe8 25.f5 Nb6 26.Nc5 Bc6 27.Ne2 Na8 28.Nf4 Nc7 29.Qe3 Kf7
30.h4 a5 31.Nb3 b6 32.Nd2 Qe7 33.Nf1 Qxe3 34.Nxe3 Ke7 35.Kc2 Kd6 36.Nh5 Ne8
37.b4 axb4 38.Kb3 h6 39.Kxb4 Nd7 40.Ng2 Nb8 41.Ngf4 Bd7 42.Bb5 Nc6+ 43.Kc3 Bc8
44.Ng6 Bd7 45.Nf8 Bc8 46.a4 Kc7 47.Nf4 Kd6 48.N4g6 Bb7 49.Ne6 Ba8 50.Ngf4 Bb7
51.Nh5 g5 52.hxg5 hxg5 53.Neg7 Nxg7 54.Nxg7 Ke7 55.Bxc6 Bxc6 56.Kb4 Kd6 57.Nh5 Ke7
58.Ng7 Bd7 59.Kb3 Bc8 60.Nh5 Ba6 61.Ng3 Bd3 62.Kc3 Ba6 63.Kb4 Bd3 64.a5 bxa5+
65.Kxa5 Be4 66.Kb6 Kd6 67.Nh5 Bf3 68.Nxf6 Ke7 69.Nh7 Bxg4 70.f6+ Kf7 71.Kc5 Bf5
72.Nxg5+ Kxf6 73.Kxd5  1/2-1/2

[Event "Young Masters"]
[Site "Lausanne SUI"]
[Date "2001.05.27"]
[Round "4.4"]
[White "Bacrot,E"]
[Black "Bruzon,L"]
[Result "1/2-1/2"]
[WhiteElo "2627"]
[BlackElo "2589"]

1.d4 d5 2.Nf3 Nf6 3.c4 e6 4.Nc3 Be7 5.cxd5 exd5 6.Bg5 c6 7.Qc2 g6 8.e3 Bf5
9.Bd3 Bxd3 10.Qxd3 O-O 11.Bxf6 Bxf6 12.h4 Nd7 13.h5 Re8 14.O-O-O Bg7 15.hxg6 hxg6
16.Rh3 Qe7 17.Rdh1 Rad8 18.g4 b5 19.Nd2 b4 20.Ne2 c5 21.Nf4 Qd6 22.Nf3 cxd4
23.Ng5 Nc5 24.Qf1 Qf6 25.Nh7 Qa6 26.Qxa6 Nxa6 27.g5 Re5 28.exd4 Rf5 29.Nd3 Nc7
30.Nf6+ Kf8 31.Nxb4 Bxf6 32.gxf6 Rxf6 33.Rh8+ Ke7 34.Re1+ Kd7 35.Rh2 Re8
36.Rxe8 Kxe8 37.Kd2 Kd7 38.Nd3 Nb5 39.Rh4 Nd6 40.b3 Ke7 41.Rh8 Ne8 42.a4 Rf5
43.Ke3 Rh5 44.Rg8 Rh3+ 45.f3 Nd6 46.Ra8 Nf5+ 47.Kd2 Nxd4 48.Rxa7+ Kf6 49.b4 Nxf3+
50.Kc1 Nd4 51.Nf4 Rf3 52.Nxd5+ Ke5 53.Nb6 Nc6 54.Rb7 Nxb4  1/2-1/2

[Event "Young Masters"]
[Site "Lausanne SUI"]
[Date "2001.05.27"]
[Round "4.2"]
[White "Bruzon,L"]
[Black "Bacrot,E"]
[Result "1/2-1/2"]
[WhiteElo "2589"]
[BlackElo "2627"]

1.e4 c5 2.Nf3 Nc6 3.d4 cxd4 4.Nxd4 Nf6 5.Nc3 d6 6.Bg5 e6 7.Qd2 a6 8.O-O-O h6
9.Be3 Qc7 10.f3 Rb8 11.Kb1 b5 12.Nxc6 Qxc6 13.Ne2 e5 14.Nc3 Be7 15.g4 b4
16.Nd5 Nxd5 17.exd5 Qc7 18.Bd3 a5 19.h4 Bd7 20.g5 h5 21.f4 Bg4 22.Be2 exf4
23.Bxf4 Bf5  1/2-1/2

[Event "I American Continental"]
[Site "Cali COL"]
[Date "2001.08.10"]
[Round "1"]
[White "Bruzon,L"]
[Black "Morejon,E"]
[Result "1-0"]
[WhiteElo "2573"]
[BlackElo "2173"]

1.e4 d5 2.exd5 Qxd5 3.Nf3 Bg4 4.Be2 c6 5.d4 Nf6 6.h3 Bxf3 7.Bxf3 Qd6 8.O-O e6
9.c4 Be7 10.Qb3 Qb4 11.Qxb4 Bxb4 12.Bf4 O-O 13.Nd2 Nbd7 14.a3 Be7 15.b4 Rac8
16.Nb3 b6 17.Rfc1 Bd8 18.Bd6 Re8 19.b5 cxb5 20.cxb5 Rxc1+ 21.Rxc1 Nd5 22.Rc8 N7f6
23.Bxd5 exd5 24.Nd2 h6 25.Nf3 Kh7 26.Ne5 Ne4 27.Bc7  1-0

[Event "I American Continental"]
[Site "Cali COL"]
[Date "2001.08.12"]
[Round "3"]
[White "Bruzon,L"]
[Black "Uribe,M"]
[Result "1-0"]
[WhiteElo "2573"]
[BlackElo "2337"]

1.d4 Nf6 2.c4 e6 3.Nc3 Bb4 4.e3 O-O 5.Ne2 d5 6.a3 Be7 7.Nf4 c6 8.Be2 Nbd7
9.O-O dxc4 10.Bxc4 e5 11.Nfe2 exd4 12.Nxd4 Ne5 13.Ba2 c5 14.Nde2 Bf5 15.f4 Nd3
16.Bc4 Nxc1 17.Rxc1 Qb6 18.Ng3 Be6 19.Bxe6 Qxe6 20.Qf3 c4 21.e4 Rfd8 22.e5 Ng4
23.Nce4 Rd3 24.Qe2 b5 25.f5 Qb6+ 26.Kh1 Nxe5 27.f6 Bxf6 28.Nh5 Qe3 29.Nhxf6+ gxf6
30.Nxf6+ Kg7 31.Qh5 Rad8 32.Rce1 Qh6 33.Qxe5  1-0

[Event "I American Continental"]
[Site "Cali COL"]
[Date "2001.08.13"]
[Round "4"]
[White "Mendoza,Raf"]
[Black "Bruzon,L"]
[Result "0-1"]
[WhiteElo "2357"]
[BlackElo "2573"]

1.e4 c5 2.Nf3 d6 3.d4 cxd4 4.Nxd4 Nf6 5.Nc3 a6 6.Bg5 e6 7.f4 Be7 8.Qf3 Qc7
9.O-O-O Nbd7 10.g4 b5 11.Bxf6 Nxf6 12.g5 Nd7 13.f5 Bxg5+ 14.Kb1 Ne5 15.Qh5 Qe7
16.Nxe6 Bxe6 17.fxe6 g6 18.exf7+ Kxf7 19.Qe2 Kg7 20.Nd5 Qa7 21.h4 Bh6 22.h5 Raf8
23.Qe1 Qc5 24.hxg6 hxg6 25.Be2 Rf2 26.b4 Qa7 27.Nc3 Qe3 28.Rxd6 Rc8 29.Rh3 Qxh3
30.Qxf2 Qxc3  0-1